000 00316nam a22000977a 4500
008 230731b xxu||||| |||| 00| 0 eng d
245 _aAIDS Information Education Plan to Prevent and Control AIDS in the United States
260 _bUS Department of Health and Human Services
_c1987
300 _avii,57p
942 _2ddc
_cBK
999 _c3999
_d3999